[Event "BAN-chB 47th"]
[Site "Dhaka"]
[Date "2022.10.31"]
[Round "5"]
[White "Mohammad, Javed"]
[Black "Hossain, Delwar"]
[Result "1-0"]
[WhiteElo "2056"]
[BlackElo "1922"]
[PlyCount "97"]
[EventDate "2022.10.27"]
[EventType "swiss"]
[EventRounds "11"]
[EventCountry "BAN"]
[SourceTitle "EXT 2024"]
[Source "ChessBase"]
[SourceDate "2023.10.10"]
[SourceVersion "1"]
[SourceVersionDate "2023.10.10"]
[SourceQuality "1"]

1. e4 Nc6 2. Nf3 e5 3. Bb5 Nf6 4. 0-0 d6 5. Re1 Bg4 6. c3 a6 7. Ba4 b5 8. Bb3 Na5 9. Bc2 c5 10. d4 cxd4 11. cxd4 Nc6 12. dxe5 Bxf3 13. Qxf3 Nd4 14. Qd3 dxe5 15. Nc3 Rc8 16. Bd1 Be7 17. Qg3 0-0 18. Qxe5 Bd6 19. Qg5 h6 20. Qh4 Re8 21. Be3 Bb4 22. Bf3 Nc2 23. Rad1 Qe7 24. Re2 Nxe3 25. Rxe3 Bxc3 26. bxc3 Qe5 27. Qg3 Rc4 28. Qxe5 Rxe5 29. Rd8+ Kh7 30. g3 Ra4 31. Rd4 Rxa2 32. Bd1 Ra1 33. Kg2 Rc1 34. Bb3 Re7 35. e5 Ne8 36. e6 fxe6 37. Bxe6 Kh8 38. Rd8 g5 39. Bc8 Rxe3 40. fxe3 a5 41. Rxe8+ Kg7 42. Ba6 Rb1 43. Rb8 b4 44. cxb4 axb4 45. Kf3 h5 46. h3 Kf6 47. Rb6+ Kg7 48. Bd3 Rb2 49. Rg6+ 1-0

[Event "Dhaka Marcel op"]
[Site "Dhaka"]
[Date "2022.04.24"]
[Round "6"]
[White "Hossain, Delwar"]
[Black "Chowdhury, Sohel"]
[Result "1-0"]
[WhiteElo "1926"]
[BlackElo "2064"]
[PlyCount "39"]
[EventDate "2022.04.19"]
[EventType "swiss"]
[EventRounds "9"]
[EventCountry "BAN"]
[SourceTitle "EXT 2023"]
[Source "ChessBase"]
[SourceDate "2022.10.05"]
[SourceVersion "1"]
[SourceVersionDate "2022.10.05"]
[SourceQuality "1"]

1. e4 c6 2. d4 d5 3. e5 c5 4. c3 Nc6 5. Nf3 Bf5 6. dxc5 e6 7. Be3 Bg4 8. Bb5 Nge7 9. Nbd2 a6 10. Bxc6+ Nxc6 11. Qa4 Bxf3 12. Nxf3 Qd7 13. b3 g6 14. 0-0 Bg7 15. Bd4 0-0 16. Rfe1 Rac8 17. Rad1 a5 18. Qa3 Qe7 19. Qb2 Qc7 20. a3 1-0

[Event "Dhaka Marcel op"]
[Site "Dhaka"]
[Date "2022.04.23"]
[Round "5"]
[White "Osman, Goni"]
[Black "Hossain, Delwar"]
[Result "1/2-1/2"]
[WhiteElo "1620"]
[BlackElo "1926"]
[PlyCount "87"]
[EventDate "2022.04.19"]
[EventType "swiss"]
[EventRounds "9"]
[EventCountry "BAN"]
[SourceTitle "EXT 2023"]
[Source "ChessBase"]
[SourceDate "2022.10.05"]
[SourceVersion "1"]
[SourceVersionDate "2022.10.05"]
[SourceQuality "1"]

1. Nc3 c5 2. e4 Nc6 3. g3 g6 4. Bg2 Bg7 5. Nge2 Nf6 6. f4 d6 7. 0-0 0-0 8. Kh1 Bg4 9. h3 Bd7 10. Kh2 a6 11. d3 Rc8 12. g4 e6 13. Be3 h5 14. g5 Ne8 15. h4 Nd4 16. Ng3 Nc7 17. Nce2 d5 18. e5 Nxe2 19. Qxe2 Qe7 20. Bf3 Nb5 21. c3 b6 22. Bd2 c4 23. d4 a5 24. Rf2 a4 25. a3 Na7 26. Rg1 Nc6 27. Kh3 Rfd8 28. Bxh5 Kh7 29. Bf3 Rh8 30. Rh2 Kg8 31. Kg2 Qd8 32. Rgh1 Kf8 33. h5 Qe7 34. hxg6 Rxh2+ 35. Rxh2 fxg6 36. Qd1 b5 37. Qc2 Qe8 38. Rh7 Kf7 39. Nf1 Kg8 40. Rh3 Ne7 41. Ne3 Qd8 42. Ng4 Nf5 43. Nf6+ Kf8 44. Bg4 1/2-1/2

[Event "BAN-chT 1st League"]
[Site "Dhaka"]
[Date "2022.03.16"]
[Round "7.4"]
[White "Md Jamal, Uddin"]
[Black "Hossain, Delwar"]
[Result "1-0"]
[WhiteElo "2082"]
[BlackElo "1907"]
[PlyCount "110"]
[EventDate "2022.03.10"]
[EventType "team-tourn"]
[EventRounds "11"]
[EventCountry "BAN"]
[SourceTitle "EXT 2023"]
[Source "ChessBase"]
[SourceDate "2022.10.05"]
[SourceVersion "1"]
[SourceVersionDate "2022.10.05"]
[SourceQuality "1"]
[WhiteTeam "Sultana Kamal Smirity Pathagar"]
[BlackTeam "Dhaka CC"]
[WhiteTeamCountry "BAN"]
[BlackTeamCountry "BAN"]

1. d4 Nf6 2. Bf4 g6 3. e3 Bg7 4. h3 c5 5. c3 cxd4 6. exd4 0-0 7. Nf3 d6 8. Be2 Nbd7 9. 0-0 b6 10. Nbd2 Bb7 11. a4 a5 12. Qb3 Ba6 13. Bxa6 Rxa6 14. Rfe1 h6 15. Rad1 Ra8 16. Re2 Rc8 17. Rde1 Re8 18. Nf1 d5 19. Ne5 e6 20. Ne3 Nf8 21. Bh2 N6d7 22. f4 Nf6 23. N5g4 N8d7 24. Nf2 h5 25. g4 Rf8 26. Kh1 hxg4 27. hxg4 Nb8 28. f5 exf5 29. gxf5 Nc6 30. Nd3 Re8 31. Ne5 Ne7 32. fxg6 Nxg6 33. Nxg6 fxg6 34. Nxd5 Rxe2 35. Ne7+ Kh7 36. Rxe2 Ra8 37. d5 Qd7 38. Qc2 Qg4 39. Rg2 Qe4 40. Qxe4 Nxe4 41. Bc7 Bf8 42. Rh2+ Kg7 43. Be5+ Kf7 44. Rh7+ Ke8 45. Nxg6 Rd8 46. Nxf8 Rxd5 47. Ng6 Rd1+ 48. Kg2 Rd2+ 49. Kf3 Ng5+ 50. Ke3 Nxh7 51. Kxd2 Kd7 52. Bd4 b5 53. axb5 Ng5 54. c4 a4 55. c5 Ne6 1-0

[Event "Dhaka Al Mahmud Memorial"]
[Site "Dhaka"]
[Date "2022.02.07"]
[Round "3"]
[White "Hossain, Delwar"]
[Black "Shahinur, Haque"]
[Result "1-0"]
[WhiteElo "1977"]
[BlackElo "1748"]
[PlyCount "87"]
[EventDate "2022.02.05"]
[EventType "swiss"]
[EventRounds "9"]
[EventCountry "BAN"]
[SourceTitle "EXT 2023"]
[Source "ChessBase"]
[SourceDate "2022.10.05"]
[SourceVersion "1"]
[SourceVersionDate "2022.10.05"]
[SourceQuality "1"]

1. e4 c5 2. Nf3 Nc6 3. d4 cxd4 4. Nxd4 g6 5. Nc3 Bg7 6. Be3 Nf6 7. f3 0-0 8. Nb3 d6 9. Qd2 Be6 10. Be2 Rc8 11. g4 Na5 12. h4 Nc4 13. Bxc4 Rxc4 14. Bh6 d5 15. Bxg7 Kxg7 16. 0-0-0 Qc7 17. h5 dxe4 18. hxg6 e3 19. Qxe3 Qf4 20. Qxf4 Rxf4 21. Nd4 hxg6 22. Nce2 Rxd4 23. Nxd4 Bd5 24. g5 Nh5 25. Rh4 e6 26. b3 b6 27. c4 Ba8 28. f4 a6 29. Rd2 Rc8 30. Kb2 Rc5 31. Nxe6+ fxe6 32. Rd7+ Kf8 33. Rd8+ Ke7 34. Rxa8 Rf5 35. Rxa6 Nxf4 36. Rxb6 Nh5 37. Rg4 Nf4 38. Kc3 e5 39. a4 Kd7 40. a5 Kc7 41. Rf6 Ne2+ 42. Kd2 Nd4 43. Rxd4 Rxg5 44. Rdd6 1-0

[Event "Dhaka Sheikh Hasina op"]
[Site "Dhaka"]
[Date "2021.09.26"]
[Round "8"]
[White "Sadnan Hasan, Dihan"]
[Black "Hossain, Delwar"]
[Result "1-0"]
[WhiteElo "2106"]
[BlackElo "2032"]
[PlyCount "117"]
[EventDate "2021.09.19"]
[EventType "swiss"]
[EventRounds "9"]
[EventCountry "BAN"]
[SourceTitle "CBM 204 Extra"]
[Source "ChessBase"]
[SourceDate "2021.11.30"]
[SourceVersion "1"]
[SourceVersionDate "2021.11.30"]
[SourceQuality "1"]

1. e4 d6 2. Nf3 Nf6 3. Nc3 g6 4. d4 Bg7 5. h3 0-0 6. Bd3 c5 7. d5 Nbd7 8. 0-0 Ne8 9. Bf4 Ne5 10. Nxe5 dxe5 11. Be3 b6 12. Ne2 f5 13. f3 Nd6 14. c4 a5 15. a3 Bd7 16. Nc3 f4 17. Bf2 Qe8 18. Qe2 g5 19. Rfb1 h5 20. Kf1 g4 21. hxg4 hxg4 22. Ke1 Rf6 23. Kd2 Rg6 24. Kc2 Qc8 25. b3 g3 26. Bg1 Rh6 27. Kb2 a4 28. b4 b5 29. bxc5 bxc4 30. Bxc4 Nxc4+ 31. Qxc4 Kf8 32. Kc2 Qe8 33. c6 Bxc6 34. dxc6 Rxc6 35. Bc5 Bf6 36. Rb5 Kg7 37. Rab1 Rac8 38. Nxa4 Qd8 39. Nb6 R8c7 40. Nd5 Rc8 41. Nxf6 Kxf6 42. R1b3 e6 43. Rc3 Qd7 44. Qb4 R6c7 45. Rb8 Kg6 46. Rxc8 Rxc8 47. Qc4 Kf7 48. Qa6 Rc7 49. Bb4 Rxc3+ 50. Bxc3 Qc7 51. Qb5 Qa7 52. Qxe5 Qf2+ 53. Kb3 Qb6+ 54. Bb4 Qe3+ 55. Qc3 Qf2 56. Qc2 Qe3+ 57. Kb2 Kg6 58. a4 Kh5 59. a5 1-0

[Event "Dhaka Sheikh Hasina op"]
[Site "Dhaka"]
[Date "2021.09.25"]
[Round "7"]
[White "Hossain, Delwar"]
[Black "Noshin, Anjum"]
[Result "0-1"]
[WhiteElo "2032"]
[BlackElo "2004"]
[PlyCount "122"]
[EventDate "2021.09.19"]
[EventType "swiss"]
[EventRounds "9"]
[EventCountry "BAN"]
[SourceTitle "CBM 204 Extra"]
[Source "ChessBase"]
[SourceDate "2021.11.30"]
[SourceVersion "1"]
[SourceVersionDate "2021.11.30"]
[SourceQuality "1"]

1. e4 e5 2. Nf3 Nc6 3. Bc4 Nf6 4. Ng5 d5 5. exd5 Na5 6. Qe2 Nxc4 7. Qxc4 Qxd5 8. Qxd5 Nxd5 9. d3 f6 10. Ne4 Bf5 11. Ng3 Bg6 12. a3 Bc5 13. Nd2 0-0 14. 0-0 a6 15. Re1 Rfe8 16. Nc4 Rad8 17. Ne3 Ne7 18. Nef1 Nc6 19. Bd2 Nd4 20. Rac1 Bb6 21. h4 h5 22. Be3 Rd6 23. Nd2 Rc6 24. c3 Ne6 25. b4 Rd8 26. d4 exd4 27. cxd4 Rxc1 28. Rxc1 Bxd4 29. Bxd4 Rxd4 30. Nf3 Rd3 31. Re1 Kf7 32. Re3 Rxe3 33. fxe3 c5 34. bxc5 Nxc5 35. Nd4 Ne4 36. Nxe4 Bxe4 37. Kf2 Ke7 38. g3 Kd6 39. Ke2 g6 40. Kd2 b6 41. Kc3 Bb7 42. Kd3 Ke5 43. Ke2 Bd5 44. Nc2 a5 45. Nd4 b5 46. Kd2 b4 47. axb4 axb4 48. Nc2 b3 49. Nd4 b2 50. Kc2 Ke4 51. Kxb2 Kxe3 52. Nb5 Kf3 53. Nc3 Bc6 54. Kc2 Kxg3 55. Kd2 Kxh4 56. Ke3 g5 57. Kf2 Kg4 58. Nd1 h4 59. Kg1 Kg3 60. Ne3 Kf4 61. Nd1 Bf3 0-1

[Event "Dhaka Sheikh Hasina op"]
[Site "Dhaka"]
[Date "2021.09.22"]
[Round "4"]
[White "Mortuza Mahathir, Islam"]
[Black "Hossain, Delwar"]
[Result "1/2-1/2"]
[WhiteElo "1953"]
[BlackElo "2032"]
[PlyCount "97"]
[EventDate "2021.09.19"]
[EventType "swiss"]
[EventRounds "9"]
[EventCountry "BAN"]
[SourceTitle "CBM 204 Extra"]
[Source "ChessBase"]
[SourceDate "2021.11.30"]
[SourceVersion "1"]
[SourceVersionDate "2021.11.30"]
[SourceQuality "1"]

1. e4 d6 2. d4 Nf6 3. Nc3 g6 4. Be3 Bg7 5. Qd2 h5 6. h3 c6 7. Nf3 Nbd7 8. e5 dxe5 9. dxe5 Ng8 10. e6 fxe6 11. Bd3 Nf8 12. Nh4 Nf6 13. Nxg6 Rg8 14. Bh6 Qa5 15. Nxf8 Kxf8 16. 0-0-0 Kf7 17. Kb1 Bxh6 18. Qxh6 Qg5 19. Qxg5 Rxg5 20. g3 Rg8 21. Ne4 Nxe4 22. Bxe4 e5 23. Bf3 Rh8 24. Rde1 Kf6 25. Re3 Be6 26. Rhe1 Bxh3 27. Rxe5 Rad8 28. Kc1 Rd7 29. Bxh5 Rd5 30. Rxd5 cxd5 31. Bf3 Be6 32. Rd1 Ke5 33. Be2 Rh2 34. f4+ Kd6 35. Bf3 Kc5 36. g4 Rf2 37. Rd3 d4 38. b3 Bd5 39. Bxd5 Kxd5 40. f5 Rg2 41. Rf3 Ke5 42. f6 exf6 43. Rf5+ Ke4 44. Rxf6 Rxg4 45. Re6+ Kd5 46. Re7 Kc6 47. Kd2 Rg3 48. Re4 Kc5 49. Re7 1/2-1/2

[Event "Dhaka Sheikh Hasina op"]
[Site "Dhaka"]
[Date "2021.09.19"]
[Round "1"]
[White "Hossain, Delwar"]
[Black "Hossain, Enamul"]
[Result "0-1"]
[WhiteElo "2032"]
[BlackElo "2402"]
[PlyCount "68"]
[EventDate "2021.09.19"]
[EventType "swiss"]
[EventRounds "9"]
[EventCountry "BAN"]
[SourceTitle "CBM 204 Extra"]
[Source "ChessBase"]
[SourceDate "2021.11.30"]
[SourceVersion "1"]
[SourceVersionDate "2021.11.30"]
[SourceQuality "1"]

1. c4 e5 2. Nc3 Nf6 3. Nf3 d6 4. g3 g6 5. Bg2 Bg7 6. d3 Nc6 7. Bg5 h6 8. Bc1 Be6 9. 0-0 0-0 10. e4 Qd7 11. Nd5 Ne8 12. Nh4 Nd4 13. Ne3 Qd8 14. Nf3 c6 15. h3 Qd7 16. Kh2 Nxf3+ 17. Qxf3 f5 18. exf5 gxf5 19. Nd1 d5 20. Qe2 dxc4 21. dxc4 Qd4 22. Ne3 f4 23. Rd1 Qc5 24. gxf4 Rxf4 25. b3 Nf6 26. Bb2 Rf8 27. Rf1 e4 28. Rad1 Qg5 29. f3 exf3 30. Rxf3 Rxf3 31. Bxf3 Qf4+ 32. Kg2 Ne4 33. Bxe4 Qxe4+ 34. Kh2 Rf3 0-1

[Event "BAN Games Blitz 9th"]
[Site "Dhaka"]
[Date "2021.04.03"]
[Round "4.4"]
[White "Mollah Abdullah, Al Rakib"]
[Black "Hossain, Delwar"]
[Result "1-0"]
[WhiteElo "2464"]
[BlackElo "2054"]
[PlyCount "127"]
[EventDate "2021.04.03"]
[EventType "swiss (blitz)"]
[EventRounds "9"]
[EventCountry "BAN"]
[SourceTitle "CBM 201 Extra"]
[Source "ChessBase"]
[SourceDate "2021.05.31"]
[SourceVersion "1"]
[SourceVersionDate "2021.05.31"]
[SourceQuality "1"]

1. d4 Nf6 2. Nf3 g6 3. Nbd2 Bg7 4. e4 d6 5. Be2 0-0 6. 0-0 Bg4 7. c3 Nc6 8. d5 Nb8 9. Nd4 Bc8 10. f4 c5 11. dxc6 Nxc6 12. Nxc6 bxc6 13. Bf3 e5 14. fxe5 dxe5 15. Nb3 Qb6+ 16. Kh1 a5 17. Qe1 a4 18. Be3 Qb8 19. Nc5 Nd7 20. Qf2 Nxc5 21. Bxc5 Re8 22. Rad1 Be6 23. a3 Rd8 24. Rxd8+ Qxd8 25. Rd1 Qe8 26. Qh4 h6 27. h3 g5 28. Qf2 Rb8 29. Bd6 Rd8 30. Qc5 f6 31. Kh2 Bb3 32. Rd2 Bf8 33. Bg4 Rxd6 34. Rxd6 Qb8 35. Rxc6 Bxc5 36. Rxc5 Qd6 37. Rc8+ Kg7 38. Ra8 Qb6 39. Bf5 Bc2 40. Rc8 h5 41. c4 g4 42. hxg4 hxg4 43. c5 Qb7 44. c6 Qxc8 45. Bxc8 Bxe4 46. Bd7 Kf7 47. c7 Bb7 48. c8Q Bxc8 49. Bxc8 e4 50. Bxg4 e3 51. Kg3 f5 52. Be2 Kf6 53. Kf4 Ke6 54. Kxe3 Kd5 55. Bd1 f4+ 56. Kxf4 Kc4 57. Bxa4 Kd3 58. g4 Kd2 59. g5 Kc1 60. g6 Kxb2 61. g7 Kxa3 62. g8Q Kxa4 63. Qb8 Ka5 64. Ke4 1-0

[Event "Dhaka Bangabandhu op-A"]
[Site "Dhaka"]
[Date "2021.03.13"]
[Round "5"]
[White "Hossain, Delwar"]
[Black "Sakline Mostafa, Sajid"]
[Result "1-0"]
[WhiteElo "2026"]
[BlackElo "1564"]
[PlyCount "67"]
[EventDate "2021.03.09"]
[EventType "swiss"]
[EventRounds "9"]
[EventCountry "BAN"]
[SourceTitle "CBM 201 Extra"]
[Source "ChessBase"]
[SourceDate "2021.05.31"]
[SourceVersion "1"]
[SourceVersionDate "2021.05.31"]
[SourceQuality "1"]

1. c4 e5 2. Nc3 Nf6 3. e4 Nc6 4. Nf3 Bc5 5. h3 d6 6. g3 Be6 7. d3 Qd7 8. Bg2 h6 9. a3 a5 10. Rb1 0-0 11. Nd5 Bxd5 12. cxd5 Nd4 13. 0-0 Qb5 14. b3 Nd7 15. a4 Qa6 16. Nxd4 Bxd4 17. Bxh6 gxh6 18. Qg4+ Kh8 19. Qxd7 Qxd3 20. Kh1 Bb6 21. Qf5 Qd2 22. Qf6+ Kh7 23. f4 Bd4 24. Rbd1 Qe3 25. g4 Bc3 26. Rf3 Qe2 27. Rdf1 Bd4 28. g5 Qxe4 29. Qxh6+ Kg8 30. Qf6 Qc2 31. g6 fxg6 32. Qxg6+ Kh8 33. Qh6+ Kg8 34. Rg3+ 1-0

[Event "BAN-chT2 Borsho 2nd"]
[Site "Bangladesh"]
[Date "2021.01.25"]
[Round "6.3"]
[White "Hossain, Showkat Pollab"]
[Black "Hossain, Delwar"]
[Result "1-0"]
[WhiteElo "1992"]
[BlackElo "2077"]
[PlyCount "79"]
[EventDate "2021.01.20"]
[EventType "team-tourn"]
[EventRounds "9"]
[EventCountry "BAN"]
[SourceTitle "CBM 200 Extra"]
[Source "ChessBase"]
[SourceDate "2021.03.31"]
[SourceVersion "1"]
[SourceVersionDate "2021.03.31"]
[SourceQuality "1"]
[WhiteTeam "BD Chess In School"]
[BlackTeam "Shahnoor Khan Smrity Sangsad"]
[WhiteTeamCountry "BAN"]
[BlackTeamCountry "BAN"]

1. e4 d6 2. d4 Nf6 3. Nc3 g6 4. h3 Bg7 5. Nf3 c6 6. Be2 Nbd7 7. e5 Nd5 8. Nxd5 cxd5 9. exd6 exd6 10. 0-0 0-0 11. Bg5 Qb6 12. b3 Nf6 13. Bxf6 Bxf6 14. Qd2 Be6 15. a4 Rac8 16. a5 Qc7 17. Rfc1 a6 18. Qf4 Qe7 19. Bd3 Rc3 20. Re1 Qd8 21. h4 Bc8 22. h5 g5 23. Qd2 Rc7 24. c3 h6 25. Nh2 Re8 26. Nf1 Bg4 27. Ne3 Be6 28. Rac1 Rce7 29. b4 Bg7 30. Re2 f5 31. Nxf5 Bxf5 32. Rxe7 Rxe7 33. Bxf5 Kh8 34. Re1 Qe8 35. Rxe7 Qxe7 36. Qe3 Qf7 37. Bg6 Qd7 38. Qf3 Qe6 39. Qf7 Qc8 40. Bf5 1-0

[Event "BAN-chT2 Borsho 2nd"]
[Site "Bangladesh"]
[Date "2021.01.22"]
[Round "3.3"]
[White "Hossain, Delwar"]
[Black "Md, Hadiuzzaman"]
[Result "1-0"]
[WhiteElo "2077"]
[BlackElo "1917"]
[PlyCount "76"]
[EventDate "2021.01.20"]
[EventType "team-tourn"]
[EventRounds "9"]
[EventCountry "BAN"]
[SourceTitle "CBM 200 Extra"]
[Source "ChessBase"]
[SourceDate "2021.03.31"]
[SourceVersion "1"]
[SourceVersionDate "2021.03.31"]
[SourceQuality "1"]
[WhiteTeam "Shahnoor Khan Smrity Sangsad"]
[BlackTeam "Grassroot Sports Academy"]
[WhiteTeamCountry "BAN"]
[BlackTeamCountry "BAN"]

1. c4 c5 2. Nc3 Nc6 3. Nf3 d6 4. h3 Nf6 5. e4 g6 6. d3 Bg7 7. g3 Bd7 8. Bg2 Ne5 9. 0-0 0-0 10. Ne1 Nc6 11. Be3 e5 12. Qd2 Nd4 13. Kh2 Qc8 14. f4 Be6 15. fxe5 dxe5 16. Nf3 Ne8 17. Ng5 Nc7 18. Nxe6 Qxe6 19. Nd5 Qd6 20. Bh6 Nxd5 21. cxd5 f5 22. Bxg7 Kxg7 23. exf5 gxf5 24. Kh1 Rf6 25. Rae1 Raf8 26. Rf2 f4 27. gxf4 Rxf4 28. Rxf4 exf4 29. Be4 Nf5 30. Qc3+ Nd4 31. b4 b6 32. bxc5 bxc5 33. Qd2 f3 34. Qg5+ Kh8 35. Rg1 Qf6 36. Qh5 Rf7 37. Bxh7 Rg7 38. Bf5+ Kg8 1-0

[Event "BAN-ch 45th"]
[Site "Dhaka"]
[Date "2019.11.05"]
[Round "4"]
[White "Manon, Reja Neer"]
[Black "Hossain, Delwar"]
[Result "1-0"]
[WhiteElo "2030"]
[BlackElo "2092"]
[PlyCount "67"]
[EventDate "2019.11.02"]
[EventType "swiss"]
[EventRounds "10"]
[EventCountry "BAN"]
[SourceTitle "CBM 192 Extra"]
[Source "Chessbase"]
[SourceDate "2019.11.06"]
[SourceVersion "1"]
[SourceVersionDate "2019.11.06"]
[SourceQuality "1"]

1. e4 d6 2. Nc3 Nf6 3. g3 g6 4. Bg2 Bg7 5. Nge2 0-0 6. 0-0 c6 7. d3 e5 8. h3 Nbd7 9. Kh2 Nh5 10. f4 exf4 11. Nxf4 Ndf6 12. Nce2 Qe7 13. Bd2 a5 14. Bc3 Nxf4 15. Nxf4 Bd7 16. Qf3 Ne8 17. Rae1 Bxc3 18. bxc3 Ng7 19. d4 Ne6 20. Nd3 f6 21. h4 Ng7 22. c4 c5 23. dxc5 dxc5 24. Nf4 Ne8 25. Nd5 Qe5 26. Nb6 Rd8 27. Rd1 Qc7 28. Nd5 Qe5 29. Qf4 Qe6 30. e5 f5 31. Qg5 Rb8 32. Nf4 Qxe5 33. Rxd7 Rf6 34. Bd5+ 1-0

[Event "BAN-ch 45th"]
[Site "Dhaka"]
[Date "2019.11.02"]
[Round "1"]
[White "Hossain, Delwar"]
[Black "Chatterjee, Debaraj"]
[Result "0-1"]
[WhiteElo "2092"]
[BlackElo "2250"]
[PlyCount "64"]
[EventDate "2019.11.02"]
[EventType "swiss"]
[EventRounds "10"]
[EventCountry "BAN"]
[SourceTitle "CBM 192 Extra"]
[Source "Chessbase"]
[SourceDate "2019.11.06"]
[SourceVersion "1"]
[SourceVersionDate "2019.11.06"]
[SourceQuality "1"]

1. e4 c5 2. Bc4 d6 3. Nf3 Nf6 4. Nc3 g6 5. 0-0 Bg7 6. Re1 0-0 7. h3 Nc6 8. a3 a6 9. Ba2 b5 10. d3 Bb7 11. Be3 Rc8 12. Qc1 e6 13. Bg5 Nd4 14. Nh2 Qc7 15. Ne2 Nxe2+ 16. Rxe2 c4 17. Qe3 Nd7 18. Rb1 d5 19. Bh6 dxe4 20. Bxg7 Kxg7 21. dxe4 Qc5 22. Qd2 Nf6 23. e5 Ng8 24. Qf4 Rfd8 25. c3 Rd3 26. Rbe1 Rcd8 27. Bb1 Rd1 28. Ng4 Qe7 29. Bc2 Rxe1+ 30. Rxe1 h5 31. Nh2 Rd7 32. Nf1 Qd8 0-1

[Event "Dhaka Walton op"]
[Site "Dhaka"]
[Date "2018.06.03"]
[Round "8"]
[White "Hossain, Delwar"]
[Black "Islam, MM Zahirul"]
[Result "1-0"]
[WhiteElo "2085"]
[BlackElo "1811"]
[PlyCount "47"]
[EventDate "2018.05.26"]
[EventType "swiss"]
[EventRounds "9"]
[EventCountry "BAN"]
[SourceTitle "CBM 184 Extra"]
[Source "ChessBase"]
[SourceDate "2018.06.28"]
[SourceVersion "1"]
[SourceVersionDate "2018.06.28"]
[SourceQuality "1"]

1. e4 e5 2. Nf3 Nc6 3. Bc4 Bc5 4. c3 Nf6 5. d4 exd4 6. cxd4 Bb4+ 7. Nc3 Nxe4 8. 0-0 Bxc3 9. d5 Ne5 10. bxc3 Nxc4 11. Qd4 Ncd6 12. Qxg7 Qf6 13. Qxf6 Nxf6 14. Re1+ Kf8 15. Bh6+ Kg8 16. Re5 Nfe4 17. Re1 f5 18. Re7 b6 19. Ne5 Nf6 20. f4 Nxd5 21. Rg7+ Kf8 22. Rxh7+ Kg8 23. Rg7+ Kf8 24. Ng6# 1-0

[Event "BAN-chT"]
[Site "Dhaka"]
[Date "2017.12.18"]
[Round "10.3"]
[White "Mohammed Abdul, Malek"]
[Black "Hossain, Delwar"]
[Result "0-1"]
[WhiteElo "2169"]
[BlackElo "2102"]
[PlyCount "88"]
[EventDate "2017.12.09"]
[EventType "team-tourn"]
[EventRounds "11"]
[EventCountry "BAN"]
[SourceTitle "CBM 182 Extra"]
[Source "ChessBase"]
[SourceDate "2018.02.23"]
[SourceVersion "1"]
[SourceVersionDate "2018.02.23"]
[SourceQuality "1"]
[WhiteTeam "Titas CC"]
[BlackTeam "Sultana Kamal Smirity Pathagar"]
[WhiteTeamCountry "BAN"]
[BlackTeamCountry "BAN"]

1. Nf3 c5 2. c4 d6 3. g3 Nf6 4. Bg2 Nc6 5. 0-0 g6 6. Nc3 Bg7 7. e3 0-0 8. d4 Qc7 9. h3 a6 10. Re1 Rb8 11. d5 Na7 12. e4 Nd7 13. a4 b5 14. axb5 axb5 15. e5 Nxe5 16. Nxe5 Bxe5 17. Rxe5 dxe5 18. d6 Qxd6 19. Qxd6 exd6 20. Rxa7 bxc4 21. Bh6 Be6 22. Bxf8 Kxf8 23. Ra2 f5 24. Bd5 Ke7 25. Ra7+ Kf6 26. Rb7 Rxb7 27. Bxb7 e4 28. f4 exf3 29. Bxf3 Ke5 30. Kf2 g5 31. Ke2 Bf7 32. Kd2 h5 33. Ke2 d5 34. Nxd5 Bxd5 35. Bxh5 f4 36. gxf4+ Kxf4 37. Bg4 Kg3 38. Kd2 Bg2 39. Be6 Bxh3 40. Bxc4 Kf2 41. Kc3 Bf5 42. Bd5 g4 43. Kc4 g3 44. Kxc5 Bg4 0-1

[Event "BAN-chT"]
[Site "Dhaka"]
[Date "2017.12.13"]
[Round "5.4"]
[White "Hossain, Delwar"]
[Black "Md, Sharif Hossain"]
[Result "0-1"]
[WhiteElo "2102"]
[BlackElo "2217"]
[PlyCount "206"]
[EventDate "2017.12.09"]
[EventType "team-tourn"]
[EventRounds "11"]
[EventCountry "BAN"]
[SourceTitle "CBM 182 Extra"]
[Source "ChessBase"]
[SourceDate "2018.02.23"]
[SourceVersion "1"]
[SourceVersionDate "2018.02.23"]
[SourceQuality "1"]
[WhiteTeam "Sultana Kamal Smirity Pathagar"]
[BlackTeam "Bangladesh Navy"]
[WhiteTeamCountry "BAN"]
[BlackTeamCountry "BAN"]

1. e4 e5 2. Nf3 Nc6 3. Bc4 Nd4 4. c3 Nxf3+ 5. Qxf3 Qf6 6. Qg3 h5 7. h4 Bc5 8. d3 d6 9. Be3 Ne7 10. Bxc5 dxc5 11. Qe3 b6 12. Nd2 Ng6 13. g3 Bg4 14. f3 Bd7 15. Bb3 Rd8 16. 0-0-0 a5 17. a3 Ne7 18. f4 exf4 19. gxf4 Ng6 20. Rdf1 Bg4 21. e5 Qe7 22. Qg3 Qd7 23. f5 Bxf5 24. Rxf5 Qxf5 25. Rf1 Rxd3 26. Bxf7+ Qxf7 27. Qxd3 Qe6 28. Nf3 c4 29. Qe4 0-0 30. Rg1 Qf7 31. Nd2 Nf4 32. Rf1 Nd3+ 33. Kc2 Nf2 34. e6 Qe7 35. Qxc4 Ng4 36. Re1 Rf5 37. Qe4 Re5 38. Qa8+ Qf8 39. Qxf8+ Kxf8 40. Rf1+ Nf6 41. Nf3 Rxe6 42. Kd3 Re4 43. b4 axb4 44. axb4 Rf4 45. Ke2 Ke7 46. Rd1 Ng4 47. Rd5 Re4+ 48. Kd2 g6 49. b5 Rf4 50. Ke2 Re4+ 51. Kd2 Rf4 52. Ke2 Ra4 53. Nd4 Ra2+ 54. Kf3 Ra3 55. Ne2 Nh6 56. Kf4 Nf7 57. Rd3 Ra2 58. Ke3 Nd6 59. Nf4 Nf5+ 60. Ke4 Nd6+ 61. Kd5 Nxb5 62. Kc6 Na3 63. Nxg6+ Kf6 64. Nf4 Nc4 65. Kxc7 Ra5 66. Rd5 Ra7+ 67. Kb8 Ra3 68. Rxh5 Rb3 69. Kc7 Ne3 70. Ne2 Rb2 71. Nd4 Nc4 72. Rf5+ Ke7 73. Kc6 Na5+ 74. Kd5 Rd2 75. Ke4 Rh2 76. Rf4 Nb7 77. Kd5 Rh3 78. Nb5 Nd8 79. Rg4 Rd3+ 80. Kc4 Rh3 81. Nd4 Nf7 82. Kb4 Ne5 83. Re4 Kf6 84. c4 Rh1 85. Nb3 Rb1 86. Kc3 Rd1 87. Rf4+ Ke7 88. Nd2 Ke6 89. Kc2 Rh1 90. Nb3 Rh2+ 91. Kc3 Rh3+ 92. Kc2 Nd3 93. Re4+ Ne5 94. Rd4 Nf3 95. Re4+ Kd6 96. Nd4 Rh2+ 97. Kc1 Nd2 98. Nf5+ Kc5 99. Rg4 Nxc4 100. Ng3 b5 101. Ne4+ Kb6 102. Rg6+ Ka5 103. Rg5 Ka4 0-1

[Event "BAN-chT"]
[Site "Dhaka"]
[Date "2017.12.12"]
[Round "4.3"]
[White "Hossain, Delwar"]
[Black "Md Shafiqul, Islam"]
[Result "0-1"]
[WhiteElo "2102"]
[BlackElo "1946"]
[PlyCount "90"]
[EventDate "2017.12.09"]
[EventType "team-tourn"]
[EventRounds "11"]
[EventCountry "BAN"]
[SourceTitle "CBM 182 Extra"]
[Source "ChessBase"]
[SourceDate "2018.02.23"]
[SourceVersion "1"]
[SourceVersionDate "2018.02.23"]
[SourceQuality "1"]
[WhiteTeam "Sultana Kamal Smirity Pathagar"]
[BlackTeam "Access"]
[WhiteTeamCountry "BAN"]
[BlackTeamCountry "BAN"]

1. e4 e5 2. Nf3 Nc6 3. Bc4 Nf6 4. d4 exd4 5. e5 d5 6. Bb5 Ne4 7. Nxd4 Bc5 8. Be3 Bd7 9. e6 fxe6 10. Bxc6 bxc6 11. Qh5+ g6 12. Qe5 Qf6 13. Qxf6 Nxf6 14. c3 Ng4 15. Nc2 Nxe3 16. Nxe3 0-0 17. Nd2 a5 18. Nd1 e5 19. 0-0 Rab8 20. b3 Rf7 21. Nf3 Re8 22. Ne3 h6 23. Rad1 g5 24. h3 Bxh3 25. Nxg5 hxg5 26. gxh3 Rf3 27. Kg2 Ref8 28. Ng4 e4 29. c4 d4 30. Ne5 R3f5 31. Ng4 Kg7 32. Rfe1 Rf4 33. Rf1 d3 34. Rde1 R8f5 35. Rb1 Rf8 36. Rbd1 R8f5 37. Rde1 Kg6 38. Rd1 Kh5 39. Rde1 Kh4 40. a3 Bxa3 41. Ne3 Rf8 42. Kg1 Kxh3 43. Nd1 Bc5 44. Kh1 Bxf2 45. Rxe4 Rxe4 0-1